Lodenica

Saved in:
Bibliographic Details
Main Author: Smolková, Michaela, 1988- (Author)
Other Authors: Sedlák, Peter, 1953- (Thesis advisor)
Format: Manuscript Book
Language:Slovak
Published: Bratislava : STU v Bratislave SvF, 2011
Subjects:
Online Access:VAIS
Tags: Add Tag
No Tags, Be the first to tag this record!

MARC

LEADER 00000ntm a22000003a 4500
001 stu229904
005 20150617230136.5
008 110708s2011----xo------------------slo-d
040 |a STU  |b slo 
041 0 |a slo 
044 |a xo 
100 1 |a Smolková, Michaela,  |d 1988-  |4 aut  |u V  |T SvF Stavebná fakulta  |X 51051  |U V  |Y 10  |7 A000051051 
242 0 0 |a dockyard  |y eng 
245 1 |a Lodenica 
260 |a Bratislava :  |b STU v Bratislave SvF,  |c 2011 
650 7 |a pozemné stavby a architektúra  |2 stusub 
650 7 |a Building Structures and Architecture  |2 estusub 
700 1 |a Sedlák, Peter,  |d 1953-  |4 ths  |u V181  |U SvF Stavebná fakulta  |T SvF Katedra architektúry  |X 692  |U V181|V310  |Y 19  |7 A000000692 
856 4 |a info a plný text  |u http://is.stuba.sk/zp/portal_zp.pl?podrobnosti=50341  |3 VAIS